01409nmm a2200325 a 4500003001200000005001700012008004100029020002200070040001600092111006300108245009200171250001200263260003100275300001100306505008900317505006700406505014600473505011700619505007300736505008500809650002200894650003000916650002000946650001800966650002200984650002701006651002201033651001401055653001401069AR-X00000XY20251128211948.0057020s2007 ||||||||||||||000 | spa|| a978-987-1281-31-2 cAR-X00000XY2 aCongreso de Economían7ºd2006cBuenos Aires, Argentina10aArgentinabcamino al bicentenario : los desafíos de una nueva oportunidad histórica a1ª ed. aBuenos AiresbEdiconc20070 a201 p. tVideoconferencia : visión geopolítica del mundo del siglo XXIrMirré, Federico tVisión económica del mundo del siglo XXIrLavagna, Roberto tProblemas del comercio internacional. La OMC y el futuro de la Ronda de Doha. Oferta y demanda mundial de bienes y serviciosrPeña, Félix t¿Qué pasa en América del Sur?. Divergencias y convergencias de los países de la regiónrAlvarez, Carlos tTratados bilaterales o acuerdos por bloquesrDíaz Bonilla, Eugenio tEl modelo productivo argentino y su inserción internacionalrCristini, Marcela 4aECONOMIA NACIONAL 4aESTRATEGIAS DE DESARROLLO 4aPOLITICA FISCAL 4aPRODUCTIVIDAD 4aECONOMIA REGIONAL 4aCOMERCIO INTERNACIONAL 4aAmérica del Sur 4aArgentina 0aCONGRESOS